Statistics for Find Your Way Quiz - 6

Click here to take the quiz!

General Stats

  • This quiz has been taken 33 times
    (24 since last reset)
  • The average score is 15 of 22

Answer Stats

HintAnswer% Correct
1) What is the second largest country in Asia in area?China
100%
2) The first letter of 'Answer 1' is the symbol for which element?Carbon
95%
3) What is the hardest form of 'Answer 2'?Diamond
95%
5) How many men are in each 'Answer 4' team?Nine
80%
10) 'Answer 9' was born in what country?United Kingdom
80%
7) A coin called a 'Answer 6' is minted and used in which country?USA
80%
4) What sport is played on a 'Answer 3'?Baseball
75%
8) Which State of 'Answer 7' is farthest from Washington D.C.?Hawaii
75%
11) What is the nearest country to the 'Answer 10' ?Ireland
75%
6) The first two letters of 'Answer 5' is the symbol for which element?Nickel
75%
14) 'Answer 13' is a territory of which country?Denmark
65%
15) 'Answer 14' has a boundary with which country?Germany
65%
13) Name the large island that lies close to the north-east of 'Answer 12' but is not part of it.Greenland
65%
9) Which famous Explorer, Navigator, Captain was killed on 'Answer 8'?James Cook
65%
16) The capital of 'Answer 15' is?Berlin
60%
12) Travelling due west from 'Answer 11' you would arrive at which country?Canada
55%
20) What is the 'official' language of 'Answer 19'?English
50%
17c) " "Nicaragua
50%
17a) Name the three countries names that start with the 6th then 5th letters of 'Answer 16'?Niger
50%
18) Two of the above countries are in Africa, on what continent is the third?North America
50%
19) In which country of 'Answer 18' was Bob Marley born?Jamaica
45%
17b) " "Nigeria
45%

Score Distribution

Percentile by Number Answered

Percent of People with Each Score

Your Score History

You have not taken this quiz since the last reset